Central Library OPAC University of Rajshahi

বাংলাদেশে ইসলামী ভূমি আইনের প্রয়োগ : (Record no. 81332)

MARC details
000 -LEADER
fixed length control field 01652nam a2200277 a 4500
001 - CONTROL NUMBER
RUCL Control Number 81332
003 - CONTROL NUMBER IDENTIFIER
rucl marc code BD-RjUL
005 - DATE AND TIME OF LATEST TRANSACTION
control field 20230903125339.0
008 - FIXED-LENGTH DATA ELEMENTS--GENERAL INFORMATION
fixed length control field 230409s2020 bg ||||| m||| 00| 0 ben d
035 ## - SYSTEM CONTROL NUMBER
system control number (BD-RjUL)81332
040 ## - CATALOGING SOURCE
Original cataloging agency BD-RjUL
Language of cataloging ben / eng
Transcribing agency BD-RjUL
Modifying agency BD-RjUL
041 ## - LANGUAGE CODE
Language code of Book ben
082 ## - DEWEY DECIMAL CLASSIFICATION NUMBER
Classification number 340.59
Author mark and Year HAB 2020
DDC Edition number 23
100 ## - MAIN ENTRY--PERSONAL NAME
Personal name হক, মো. ওয়ালিউল
9 (RLIN) 7293
245 10 - TITLE STATEMENT
Title বাংলাদেশে ইসলামী ভূমি আইনের প্রয়োগ :
Remainder of title একটি পর্যালোচনা /
Statement of responsibility, etc মো. ওয়ালিউল হক
Name of Supervisor/Co-Supervisor সুপারভাইজার : মুহাম্মদ মতিউর রহমান, কো-সুপারভাইজার : মো. সাহাল উদ্দীন
246 ## - VARYING FORM OF TITLE
Title proper/short title Application of Islamic Land Law in Bangladesh :
Remainder of title A Study /
260 ## - PUBLICATION, DISTRIBUTION, ETC. (IMPRINT)
Place of publication, distribution, etc রাজশাহী :
Name of publisher, distributor, etc আরবী বিভাগ, রাজশাহী বিশ্ববিদ্যালয়,
Date of publication, distribution, etc ২০২০
300 ## - PHYSICAL DESCRIPTION
Pagination [ঞ], ৫০৪ পাতা ;
Dimensions ২৯ সেমি.
502 ## - DISSERTATION NOTE
Dissertation note থিসিস (পিএইচ. ডি.) -- আরবী বিভাগ, রাজশাহী বিশ্ববিদ্যালয়, ২০২০
504 ## - BIBLIOGRAPHY, ETC. NOTE
Bibliography, etc গ্রন্থপঞ্জি : পাতা [৪৭৬]-৫০৩
650 ## - SUBJECT ADDED ENTRY--TOPICAL TERM
Topical term or geographic name as entry element ইসলামী আইন
9 (RLIN) 7294
Topical term or geographic name as entry element Islamic law
9 (RLIN) 6927
700 ## - ADDED ENTRY--SUPERVISOR/CO-SUPERVISOR NAME
Personal name রহমান, মুহাম্মদ মতিউর, সুপারভাইজার
9 (RLIN) 7295
Personal name উদ্দীন, মো. সাহাল, কো-সুপারভাইজার
9 (RLIN) 7296
942 ## - ADDED ENTRY ELEMENTS (KOHA)
Source of classification or shelving scheme Dewey Decimal Classification
Koha item type Theses
Holdings
Source of classification or shelving scheme Damaged status Not for loan Collection code Permanent Location Current Location Shelving location Date of accession Source of acquisition Full call number Barcode Date last seen Copy number Thesis
Dewey Decimal Classification   Not For Loan Theses Central Library, University of Rajshahi Central Library, University of Rajshahi Documentation Section 29/03/2023 Controller of Exam. R.U BTHE 340.59 HAB 2020 D4800 09/04/2023 C-1 Theses